Experiences with advanced pedagogical approaches at Slovak universities

Aplikácia pokročilých metód vzdelávania na slovenských vysokých školách. Využitie počítačov, internetu... Implementácia projektu REDILEM (Leonardo da Vinci projekt) na Ekonomickej univerzite v Bratislave. Dištančné vzdelávanie ako jedna z najvýznamnejších inovácií v oblasti vzdelávania.

Guardado en:
Detalles Bibliográficos
Autor principal: Molnár, Pavol
Formato: Capítulo de libro
Lenguaje:inglés
Materias:
Etiquetas: Agregar Etiqueta
Sin Etiquetas, Sea el primero en etiquetar este registro!

MARC

LEADER 00000nla$a2200000$$$4500
001 0081588
005 20240502083218.3
041 0 |a eng 
044 |a IL 
245 1 0 |a Experiences with advanced pedagogical approaches at Slovak universities  |c Pavol Molnár 
520 |a Aplikácia pokročilých metód vzdelávania na slovenských vysokých školách. Využitie počítačov, internetu... Implementácia projektu REDILEM (Leonardo da Vinci projekt) na Ekonomickej univerzite v Bratislave. Dištančné vzdelávanie ako jedna z najvýznamnejších inovácií v oblasti vzdelávania. 
610 2 0 |a vzdelávanie vysokoškolské 
610 2 0 |a vzdelávanie dištančné 
610 2 0 |a vzdelávanie elektronické 
610 2 0 |a využitie počítačov 
610 2 0 |a internet 
610 2 0 |a projekty 
610 2 0 |a univerzity 
610 2 0 |a Slovensko 
100 1 |a Molnár, Pavol